000 01070nam a22003137a 4500
001 7438
003 FISKH
005 20250716084807.0
008 250716b cb ||||| |||| 00| 0 eng d
020 _a9780545391986
040 _aFISKH
_beng
_cFISKH
_dFISKH
050 _aBJ1857.C5 M125
082 _a395.1
100 _aArnold, Tedd
245 _aManners mash-up :
_bA Goofy guide to good behavior /
_cArnold, Tedd
260 _aNew York :
_bScholastic,
_c2011.
300 _a34 unnumbered pages :
_bcolor illustrations ;
_c24 cm
505 _aL
520 _aFrom the dinner table to the doctor's office, from the playground to the pool, this irreverent book will help kids navigate any social scenario with utmost grace.
521 8 _a520
_bLexile AD
521 8 _aL
_bRaz-Plus
650 _aSocial Skills
_vManners
_xBehavior
700 _aBerge, Joe
_eIllustrator
700 _aMorrison, Frank
_eIllustrator
700 _aCole, Henry
_eIllustrator
700 _aBlackall, Sophie
_eIllustrator
942 _2ddc
_cBK
_n0
999 _c7438
_d7438